Municipalismo y regionalismo

Saved in:
Bibliografiske detaljer
Hovedforfatter: Azcárate, Gumersindo de (Author)
Format: Bog
Sprog:spansk
Udgivet: Madrid Instituto de Estudios de Administración Local 1979
Serier:Administración y Ciudadano, 9
Fag:
Tags: Tilføj Tag
Ingen Tags, Vær først til at tagge denne postø!

MARC

LEADER 00000nam a2200000 a 4500
001 UCS0630
003 CL-VaPUC
008 970426e19790000SP |||||||||||||||||spa|d
082 0 4 |a 352.008  |b AZC  |2 21 
100 0 |a Azcárate, Gumersindo de  |e author  |9 384351 
245 1 0 |a Municipalismo y regionalismo 
300 |a 382 p 
942 |c BK 
945 |d 19970426 00:00:00  |a paguirre 
260 |a Madrid  |b Instituto de Estudios de Administración Local  |c 1979 
650 0 |a Administración pública   |9 255343 
650 0 |a Municipalidades   |9 255557 
650 7 |a DERECHO MUNICIPAL  |2 CL-VaPUC  |9 257568 
650 0 |a Gobierno local  |9 258648 
650 7 |a REGIONALISMO  |2 CL-VaPUC  |9 369300 
650 7 |a GOBIERNO REGIONAL  |2 CL-VaPUC  |9 356897 
651 0 |a España  |9 254926 
583 |a last modification  |c 19970426 00:00:00  |k Rodrigo Vera 
490 0 |a Administración y Ciudadano, 9 
999 |c 258850  |d 258848 
952 |0 0  |1 0  |4 0  |6 352_008000000000000_AZC_1979  |7 0  |8 A  |9 283192  |a BIBDER  |b BIBDER  |d 2019-11-19  |i 1838903  |o 352.008 AZC 1979  |p 1838903  |r 2019-11-19  |w 2019-11-19  |y BK  |k DER